Phototropic sensitivity in relation to wave length.

Bibliographic Details
Corporate Author: Smithsonian Institution
Format: Government Document eBook
Language:English
Published: [Washington] : [s.n.], 1934.
Subjects:
Online Access:Electronic resource (PDF)

MARC

Tag First Indicator Second Indicator Subfields
LEADER 00000cam a22000001i 4500
001 in00003952913
006 m d f
007 cr bn mmmapmmp
008 341010s1934 dcu o f000 0 eng d
005 20250210235248.4
035 |a ebd1933014704 
040 |a UMI  |c UMI  |e rda  |d UtOrBLW 
086 0 |a SI 1.7:92/11 
099 |a SI1.7..92_11 
110 2 |a Smithsonian Institution.  |0 http://id.loc.gov/authorities/names/n79053968 
245 1 0 |a Phototropic sensitivity in relation to wave length. 
264 1 |a [Washington] :  |b [s.n.],  |c 1934. 
300 |a 1 online resource (21 pages), digital, PDF file 
336 |a text  |b txt  |2 rdacontent 
337 |a computer  |b c  |2 rdamedia 
338 |a online resource  |b cr  |2 rdacarrier 
500 |a Includes tables and illustrations. 
533 |a Electronic reproduction.  |b [Bethesda, Md.] :  |c ProQuest,  |d 2016  |e digital, PDF file.  |n ProQuest U.S. Executive Branch Documents  |n Mode of access: World Wide Web via ProQuest website. 
588 |a Record is based on online resource; title from PDF title page (ProQuest, last viewed July 2016). Reuse except for individual research requires license from ProQuest, LLC. 
650 0 |a Trees.  |0 http://id.loc.gov/authorities/names/nr2006016201 
650 0 |a Light.  |0 http://id.loc.gov/authorities/names/n2005051594 
650 0 |a Statistics.  |0 http://id.loc.gov/authorities/subjects/sh85127580 
856 4 0 |u http://proxy.library.tamu.edu/login?url=http://congressional.proquest.com/congressional/docview/t66.d71.si1.7..92_11?  |y Electronic resource (PDF)  |t 0 
999 f f |s 71af759d-5c28-3f94-84bc-b1c970ee38b7  |i 557f39c5-9284-3031-9a46-b43977fbc74f  |t 0 
952 f f |a Texas A&M University  |b College Station  |c Electronic Resources  |d Available Online  |t 0  |h No information provided 
998 f f |t 0  |l Available Online